|
|
|
|
| LEADER |
00000nam a2200000Ii 4500 |
| 001 |
DIGEDIUOC946 |
| 003 |
NyNyDIG |
| 006 |
m o d |
| 007 |
cr ||||||||||| |
| 008 |
220316s2016 sp ob 000 0 spa d |
| 035 |
|
|
|a (OCoLC)1319855424
|
| 040 |
|
|
|a DGITA
|b eng
|e rda
|e pn
|c DGITA
|
| 020 |
|
|
|a 9788491165439
|q eBook
|q pdf
|
| 020 |
|
|
|a 9788491165446
|q eBook
|q ePub
|
| 020 |
|
|
|z 9788491165422
|
| 043 |
|
|
|a n-us---
|
| 050 |
1 |
4 |
|a PN1992.8.S4 ebook
|
| 082 |
0 |
4 |
|a 791.450973
|
| 245 |
0 |
4 |
|a The Wire university :
|b ficción y sociedad desde las esquinas /
|c Javier Cigüela Sola y Jorge Martínez-Lucena (eds) ; con conversación entre David Simon y Barack Obama.
|
| 250 |
|
|
|a Primera edición digital.
|
| 264 |
|
1 |
|a Barcelona :
|b Editorial UOC,
|c [2016]
|
| 300 |
|
|
|a 1 online resource.
|
| 336 |
|
|
|a text
|b txt
|2 rdacontent
|
| 337 |
|
|
|a computer
|b c
|2 rdamedia
|
| 338 |
|
|
|a online resource
|b cr
|2 rdacarrier
|
| 347 |
|
|
|a text file
|2 rdaft
|
| 347 |
|
|
|b PDF
|
| 490 |
1 |
|
|a Comunicación
|
| 504 |
|
|
|a Includes bibliographical references.
|
| 588 |
0 |
|
|a Online resource; title from PDF title page (Digitalia, viewed March 16, 2022)
|
| 630 |
0 |
0 |
|a Wire (Television program)
|
| 650 |
|
0 |
|a Television series
|z United States
|x History and criticism.
|
| 655 |
|
0 |
|a Electronic books.
|
| 700 |
1 |
|
|a Cigüela Sola, Javier,
|e editor.
|
| 700 |
1 |
|
|a Martínez Lucena, Jorge,
|d 1972-
|e editor.
|
| 700 |
1 |
|
|a Simon, David,
|d 1960-
|e contributor agent of text.
|
| 700 |
1 |
|
|a Obama, Barack,
|e contributor agent of text.
|
| 791 |
2 |
|
|a Digitalia (Firm),
|e distributor.
|
| 793 |
0 |
|
|g Digitalia eBook Collection:
|a Universitat Oberta de Catalunya
|
| 776 |
0 |
8 |
|i Print version:
|t Wire university.
|b Primera edición en lengua castellana.
|d Barcelona : Editorial UOC, [2016]
|z 9788491165422
|
| 830 |
|
0 |
|a Manuales (Editorial UOC).
|p Comunicación.
|
| 856 |
4 |
0 |
|3 Digitalia Hispánica
|u https://www.digitaliapublishing.com/a/47428/
|
| 910 |
|
|
|a Premium collection: 2022
|